Etiqueta de registo: 00254nam 2200025 450
001 2283007
003 http://id.bnportugal.gov.pt/bib/catbnp/2283007
010 ## $a978-989-740-539-6
021 ## $aPT$b558376/25
100 ## $a20260326d2026 m y0pory01030103ba
101 1# $apor$ceng
102 ## $aPT
105 ## $ay z 000yy
106 ## $ar
200 1# $a O cérebro em evolução$fPaul Goldsmith$gtrad. Luís Gonçalves
205 ## $a1ª ed
210 #9 $aPorto$cIdeias de Ler,$d2026
215 ## $a359 p.$d24 cm
304 ## $aTít. orig.: The evolving brain
675 ## $a616.8$vBN$zpor$3291318
675 ## $a612.82$vBN$zpor$3291246
700 #1 $aGoldsmith,$bPaul $31993818
702 #1 $aGonçalves,$bLuís$4730$337806
801 #0 $aPT$bBN$gRPC
856 41 $uhttp://rnod.bnportugal.gov.pt/ImagesBN/winlibimg.aspx?skey=&doc=2283007&img=222602&save=true
900 ## $aBIBNAC$d20260601
966 ## $lBN$mFGMON$sS.A. 193978 V.$x1
966 ## $lBN$mFGMON$sS.A. 193978 V.-D$x1
971 ## $cssilva$d20260326
972 ## $e0$z0$d20260601$vasantos
973 ## $cigoulao$d20260525